| 000 | 00337nam a2200121Ia 4500 | ||
|---|---|---|---|
| 008 | 210430s9999 xx 000 0 und d | ||
| 082 | _a620.11 G9775 M | ||
| 100 |
_aDr.Aparna Gulpat _954135 |
||
| 245 |
_aMaterial Science for Engineers _cDr.Aparna Gulpat |
||
| 260 |
_aNew Delhi _bSatish kumar _c2008 |
||
| 300 | _a534p | ||
| 942 |
_cBK _2ddc |
||
| 999 |
_c564607 _d564607 |
||